000
00300nam a2200121Ia 4500
008
241015s9999 xx 000 0 und d
041
_a
eng
082
_a
338.5 BEN
100
_a
Luis Bender
245
_a
Essentials Of Microeconomics
260
_b
Willford Press
_a
USA
_c
2020
300
_a
229;. P. 24 cm
999
_c
41609
_d
41609